000 00472pab a2200169 454500
008 180718b2007 xxu||||| |||| 00| 0 eng d
100 _aHeppell, Timothy
245 _aWeak and ineffective? Reassessing the party political leadership of John major
260 _c2007
300 _ap.382-91.
362 _aJul-Sep
650 _aPolitical leadership - Great Britain
650 _aPolitical leadership
773 _aPolitical Quarterly
908 _aN
909 _a75955
999 _c75955
_d75955